| 000 | 00798cam a22002651 4500 | ||
|---|---|---|---|
| 001 | 12383 | ||
| 003 | BD-RjUL | ||
| 005 | 20211208235301.0 | ||
| 008 | 140128s1967 pau b 001 0 eng | ||
| 035 | _a(BD-RjUL)12432 | ||
| 040 |
_aDLC _cDLC _dICU _dDLC _dBD-RjUL _beng |
||
| 041 | _aeng | ||
| 082 | 0 | 0 |
_a581.11 _bBRM 1967 |
| 100 | 1 |
_aBriggs, G. E. _q(George Edward), _d1893- _938452 |
|
| 245 | 1 | 0 |
_aMovement of water in plants / _cG. E. Briggs. |
| 260 |
_aPhiladelphia : _bF. A. Davis Co. , _cc1967 |
||
| 300 |
_axi, 142 p. ; _c23 cm. |
||
| 504 | _aBibliography: p. 139. and index. | ||
| 650 | 0 |
_aPlants, Motion of fluids in. _937493 |
|
| 650 | 0 |
_aPlant-water relationships. _937504 |
|
| 942 |
_2ddc _cBK |
||
| 999 |
_c12383 _d12383 |
||